Normal view
MARC view
Entry Personal Name
001 - CONTROL NUMBER
- control field: 1237034
003 - CONTROL NUMBER IDENTIFIER
- control field: OSt
005 - DATE AND TIME OF LATEST TRANSACTION
- control field: 20260430150302.0
008 - FIXED-LENGTH DATA ELEMENTS
- fixed length control field: 260430|| aca||aabn | a|a d
040 ## - CATALOGING SOURCE
- Original cataloging agency: OSt
- Transcribing agency: OSt
100 ## - HEADING--PERSONAL NAME
- Personal name: Khushboo Anand Au.; Tandon Usha Gu
670 ## - SOURCE DATA FOUND
- Source citation: Work cat.: (OSt)1849421: Khushboo Anand Au.; Tandon Usha Gu., Trafficking of Women Under the Guise of Marriage: A Socio Legal Study with Special Reference to Haryana, 2023
